La legislation sur la religion en URSS (Record no. 50633)

MARC details
000 -LEADER
campo de control de longitud fija 00559nam a2200157 i 4500
001 - NÚMERO DE CONTROL
campo de control 50633
003 - IDENTIFICADOR DE NÚMERO DE CONTROL
campo de control ES-MaACL
007 - CAMPO FIJO DE DESCRIPCIÓN FÍSICA--INFORMACIÓN GENERAL
campo de control de longitud fija t|
008 - DATOS DE LONGITUD FIJA--INFORMACIÓN GENERAL
campo de control de longitud fija 030805s1974 fr ||||1| fre d
100 1# - ENTRADA PRINCIPAL--NOMBRE DE PERSONA
Nombre de persona Chafarevitch, Igor Rostislavovitch.
9 (RLIN) 37779
245 13 - MENCIÓN DEL TÍTULO
Título La legislation sur la religion en URSS
Resto del título : rapports au Comité des droits de l'homme /
Mención de responsabilidad, etc. Igor R. Chafarevitch ; traduit du russe par Michel Fedoroff.
260 ## - PUBLICACIÓN, DISTRIBUCIÓN, ETC.
Lugar de publicación, distribución, etc. Paris :
Nombre del editor, distribuidor, etc. Editions du Seuil,
Fecha de publicación, distribución, etc. [1974]
300 ## - DESCRIPCIÓN FÍSICA
Extensión 123 p. ;
Dimensiones 21 cm.
700 1# - ENTRADA AGREGADA--NOMBRE PERSONAL
Nombre de persona Fedoroff, Michel.
9 (RLIN) 49078
852 ## - LOCALIZACIÓN
Ubicación ES-MaACL
Número de control de estantería E-5645
Sublocalización o colección R.90012
Holdings
Estatus retirado Estado de pérdida Estado de daño No para préstamo Biblioteca de origen Biblioteca actual Ubicación en estantería Fecha de adquisición Fuente de adquisición Total de préstamos Signatura topográfica completa Código de barras Visto por última vez Precio de reemplazo Tipo de ítem Koha
        Biblioteca del Ateneo de Madrid Biblioteca del Ateneo de Madrid Depósito 2 17/01/2008     E-5645 1053255 23/02/2023 23/02/2023 Libro impreso